| 000 -CABECERA |
| campo de control de longitud fija |
02030nam a2200313 u 4500 |
| 001 - NÚMERO DE CONTROL |
| campo de control |
000046055 |
| 005 - FECHA Y HORA DE LA ÚLTIMA TRANSACCIÓN |
| campo de control |
20200120222449.0 |
| 008 - DATOS DE LONGITUD FIJA--INFORMACIÓN GENERAL |
| campo de control de longitud fija |
110725s2010 cau r 000 0 spa d |
| 020 ## - NÚMERO INTERNACIONAL ESTÁNDAR DEL LIBRO |
| Número Internacional Estándar del Libro |
9789584214904 |
| 041 0# - CÓDIGO DE LENGUA |
| Código de lengua del texto/banda sonora o título independiente |
spa |
| 043 ## - CÓDIGO DE ÁREA GEOGRÁFICA |
| Código de área geográfica |
s-ck--- |
| 082 04 - NÚMERO DE LA CLASIFICACIÓN DECIMAL DEWEY |
| Número de edición |
21 |
| 090 ## - LOCALMENTE ASIGNADO TIPO-LC NÚMERO DE CLASIFICACIÓN (OCLC); NÚMERO DE CLASIFICACIÓN LOCAL (RLIN) |
| Número de clasificación (OCLC) (R) ; Numero de clasificación, CALL (RLIN) (NR) |
AN |
| Número cutter local (OCLC) ; Número de libro/Signatura topográfica íntegra, CALL (RLIN) |
BURCc |
| 100 1# - ENTRADA PRINCIPAL--NOMBRE DE PERSONA |
| Nombre de persona |
Burgos Cantor, Roberto |
| Fechas asociadas al nombre |
1948- |
| 245 13 - MENCIÓN DE TÍTULO |
| Título |
La ceiba de la memoria / |
| Mención de responsabilidad, etc. |
Roberto Burgos Cantor; fotografía: Germán Montes. |
| 250 ## - MENCIÓN DE EDICIÓN |
| Mención de edición |
2a. ed. |
| 260 ## - PUBLICACIÓN, DISTRIBUCIÓN, ETC. |
| Lugar de publicación, distribución, etc. |
Bogotá : |
| Nombre del editor, distribuidor, etc. |
Seix Barral, |
| Fecha de publicación, distribución, etc. |
2010. |
| 300 ## - DESCRIPCIÓN FÍSICA |
| Extensión |
409 p. |
| 490 #0 - MENCIÓN DE SERIE |
| Mención de serie |
Biblioteca breve |
| 500 ## - NOTA GENERAL |
| Nota general |
Ej.1 de Mosquera donado por la Biblioteca Nacional - PNLB 2012. |
| 520 3# - SUMARIO, ETC. |
| Sumario, etc. |
La ceiba de la memoria es una novela que nos adentra en una rica representación poética de ese infame pasado que fue la historia esclavista en Cartagena de Indias. Este potente universo verbal, que vuelve a las viejas penas que llama Césaire, tiene de trasfondo ese rol de narradores que tantas veces les toca oficiar a los cartageneros acerca de la dimensión histórica tan presente en la ciudad[1]. Marcado por esta tradición, Roberto Burgos vuelve a ese ineludible oficio para poner ese pasado en situación, para meditarlo simbólicamente y explorarlo en la conciencia de los olvidados protagonistas que padecieron y enfrentaron la ignominiosa trata esclavista. A lo largo de la novela, los hilos de la memoria de sus personajes se entremezclan y van tejiendo una densa alegoría de estos hechos tan traumáticos y horrorosos, equiparables, como lo expresa el autor como personaje de su propia ficción, con el holocausto judío del siglo XX. Analogía que alimenta la interpretación histórica que subyace en la novela en contravía de las representaciones hegemónicas sobre este asunto en la historia de Colombia. |
| 650 17 - PUNTO DE ACCESO ADICIONAL DE MATERIA--TÉRMINO DE MATERIA |
| Término de materia o nombre geográfico como elemento de entrada |
Novela colombiana |
| 650 27 - PUNTO DE ACCESO ADICIONAL DE MATERIA--TÉRMINO DE MATERIA |
| Término de materia o nombre geográfico como elemento de entrada |
Literatura colombiana |
| 650 27 - PUNTO DE ACCESO ADICIONAL DE MATERIA--TÉRMINO DE MATERIA |
| Término de materia o nombre geográfico como elemento de entrada |
Literatura adulto |
| 650 27 - PUNTO DE ACCESO ADICIONAL DE MATERIA--TÉRMINO DE MATERIA |
| Término de materia o nombre geográfico como elemento de entrada |
Esclavitud en la literatura |
| 650 27 - PUNTO DE ACCESO ADICIONAL DE MATERIA--TÉRMINO DE MATERIA |
| Término de materia o nombre geográfico como elemento de entrada |
Derechos humanos |
| Subdivisión general |
Novela |
| 650 27 - PUNTO DE ACCESO ADICIONAL DE MATERIA--TÉRMINO DE MATERIA |
| Término de materia o nombre geográfico como elemento de entrada |
Novela histórica |
| 700 1# - PUNTO DE ACCESO ADICIONAL--NOMBRE DE PERSONA |
| Nombre de persona |
Montes, Germán, |
| Término indicativo de función/relación |
fot. |